• 首页
  • 本馆介绍
  • 公告通知
  • 最新文献
  • 馆藏检索
  • 电子资源
  • 读者导购
  • 参考咨询
  • 我的图书馆
  • 登录
  • 详细信息显示
  • 放入我的书架
  • 预约/预借图书
  • 作者相关作品
  • 分类相关作品
  • 丛书相关作品
  • 出版社相关作品

书目信息

  • 表格格式
  • 工作单格式
  • 卡片格式
题名:
景观生态学
    
 
作者: 邬建国 著
分册:  
出版信息: 北京   高等教育出版社  2000
页数: 258页
开本: 24cm
丛书名: 当代科学前沿论丛
单 册:
中图分类: Q149
科图分类:
主题词: 景观--生态学
电子资源:
ISBN: 7-04-009154-2
000 00748nam0 2200229 45
001 0311270990
005 20031219104123.0
010    @a7-04-009154-2@dCNY38.10
100    @a20031127d2000 km y0chiy0120 ea
101 0  @achi
105    @aa z 000yy
200 1  @a景观生态学@AJing Guan Sheng Tai Xue@e格局、过程、尺度与等级@EGe Ju、Guo Cheng、Chi Du Yu Deng Ji@f邬建国著@FWu Jian Guo Zhu
210    @a北京@c高等教育出版社@d2000
215    @a258页@c插图,附图@d24cm
225    @a当代科学前沿论丛
410    @12001 @a当代科学前沿论丛
517    @a格局、过程、尺度与等级@AGe Ju、Guo Cheng、Chi Du Yu Deng Ji
606 0  @a景观@x生态学
690    @aQ149@v4
701  0 @a邬建国@4著
801    @aCN@bTSTC@c20031127
905    @b329945-947@dQ149@e67@f3
    
    景观生态学:格局、过程、尺度与等级/邬建国著.-北京:高等教育出版社,2000
    258页:插图,附图;24cm.-(当代科学前沿论丛)
    
    
    ISBN 7-04-009154-2:CNY38.10
    
●
相关链接 在E读中查询图书 在五车中查询图书 在当当中查询图书 在豆瓣中查询图书


正题名:景观生态学     索取号:Q149/67         预约/预借

序号 登录号 条形码 馆藏地/架位号 状态 备注
1 0329945   203299457   第三借阅区/ [索取号:Q149/67] 在馆    
2 0329946   203299466   第三借阅区/ [索取号:Q149/67] 在馆    
3 0329947   203299475   第二样本阅览室/ [索取号:Q149/67] 在馆    
唐山师范学院图书馆 欢迎您!
大连网信软件有限公司© 版权所有